| 000 | 00611nam a2200217 a 4500 | ||
|---|---|---|---|
| 005 | 20240427063708.0 | ||
| 008 | 991125s1991 mx 000 0 spa u | ||
| 020 | _a9700501760 | ||
| 035 | _aUPN01000014517 | ||
| 049 | _aCG | ||
| 050 | 4 |
_aG419 _bP328 |
|
| 100 | 1 |
_aParry, John Horace, _d1914-1982 _929788 |
|
| 245 | 1 | 3 |
_aEl descubrimiento del mar / _cJ. H. Parry. |
| 260 |
_aMéxico : _bCNCA : _bGrijalbo, _c1991. |
||
| 300 | _a362 p. | ||
| 440 | 4 | _aLos noventa | |
| 650 | 4 |
_aViajes alrededor del mundo _917572 |
|
| 650 | 4 |
_aVIAJES MARITIMOS _917573 |
|
| 650 | 0 |
_aViajes y travesías _911045 |
|
| 905 | _aLibro | ||
| 999 |
_c14517 _d14517 |
||